Digital remit advice[electronic resource] (Record no. 111813)

MARC details
000 -LEADER
fixed length control field 01438cad a22002055a 4500
001 - CONTROL NUMBER
control field L152046
008 - FIXED-LENGTH DATA ELEMENTS--GENERAL INFORMATION
fixed length control field 110128s2011 xxk f 000 0 eng d
035 ## - SYSTEM CONTROL NUMBER
System control number (Sirsi) u152046
041 0# - LANGUAGE CODE
Language code of text/sound track or separate title eng
110 2# - MAIN ENTRY--CORPORATE NAME
Corporate name or jurisdiction name as entry element Committee of Advertising Practice
9 (RLIN) 5891
245 00 - TITLE STATEMENT
Title Digital remit advice[electronic resource]
260 ## - PUBLICATION, DISTRIBUTION, ETC.
Place of publication, distribution, etc. [S.l.]
Name of publisher, distributor, etc. [s.n.]
Date of publication, distribution, etc. [2011]
520 ## - SUMMARY, ETC.
Summary, etc. From 1 March 2011, the UK Code of Non-broadcast Advertising, Sales Promotion and Direct Marketing (CAP Code) (see also L151479) will cover marketing communications on organisations' websites and in other non-paid-for space under their control. The CAP code is self-regulated by the Advertising Standards Agency (ASA). A marketing communication is judged by ASA to be something that is primarily aimed at selling something, with or without a price and even if it does not seek an immediate financial transaction. Applies to marketing communications of organisations operating in the UK. This could mean a .com website or an .org website as well as a .co.uk website. It also applies to content an organisation adds to its Facebook or Twitter pages.
590 ## - LOCAL NOTE (RLIN)
Local note KA NTK
650 24 - SUBJECT ADDED ENTRY--TOPICAL TERM
Topical term or geographic name entry element UK CODE OF NON-BROADCAST ADVERTISING, SALES PROMOTION AND DIRECT MARKETING
651 #4 - SUBJECT ADDED ENTRY--GEOGRAPHIC NAME
Geographic name United Kingdom
Chronological subdivision
690 ## - LOCAL SUBJECT ADDED ENTRY--TOPICAL TERM (OCLC, RLIN)
Topical term or geographic name as entry element MANAGEMENT-BUSINESS MANAGEMENT
856 40 - ELECTRONIC LOCATION AND ACCESS
Uniform Resource Identifier <a href="https://www.cap.org.uk/CAPServices/Digital-remit-advice.aspx">https://www.cap.org.uk/CAPServices/Digital-remit-advice.aspx</a>
Public note View this item free of charge at www.cap.org.uk
942 ## - ADDED ENTRY ELEMENTS (KOHA)
Suppress in OPAC 0
Holdings
Withdrawn status Lost status Source of classification or shelving scheme Damaged status Not for loan Home library Current library Shelving location Date acquired Total Checkouts Full call number Barcode Date last seen Copy number Price effective from Koha item type
    Dewey Decimal Classification     Virtual Virtual Online 28/01/2011   ONLINE PUBLICATION 152046-2001 06/08/2019 1 06/08/2019 Book